Agricultural land evaluation during land arrangements

Vlastná bonitácia a oceňovanie poľnohospodárskych pôd v SR sa v súčasnosti realizuje prostredníctvom bonitačného informačného systému. Nedostatočná úradná cena pôdy pri prebiehajúcich pozemkových úpravách, formovaní vlastníckych a užívateľských vzťahov, oceňovaní pozemkov a sceľovaní. Upravená cena...

Descrizione completa

Salvato in:
Dettagli Bibliografici
Autore principale: Buday, Štefan
Natura: Capitolo di libro
Lingua:inglese
Soggetti:
Tags: Aggiungi Tag
Nessun Tag, puoi essere il primo ad aggiungerne!!

MARC

LEADER 00000naa a2200000 4500
001 r043310
005 20230929074039.4
041 0 |a eng 
044 |a SK 
245 1 0 |a Agricultural land evaluation during land arrangements  |c Štefan Buday 
520 |a Vlastná bonitácia a oceňovanie poľnohospodárskych pôd v SR sa v súčasnosti realizuje prostredníctvom bonitačného informačného systému. Nedostatočná úradná cena pôdy pri prebiehajúcich pozemkových úpravách, formovaní vlastníckych a užívateľských vzťahov, oceňovaní pozemkov a sceľovaní. Upravená cena poľnohospodárskej pôdy. 
610 2 0 |a pôda poľnohospodárska 
610 2 0 |a oceňovanie 
610 2 0 |a ceny 
610 2 0 |a pozemky 
610 2 0 |a bonita pôdy 
610 2 0 |a Slovensko 
100 1 |a Buday, Štefan